| 000 | 00528nam a2200145Ia 4500 | ||
|---|---|---|---|
| 008 | 170221s9999 xx 000 0 und d | ||
| 100 | _aMaria V. Zelinskaya | ||
| 245 | _aDevelopment of the Tourist Health Resort Branch in Primorsko-Akhtarsky District | ||
| 245 | _cMaria V. Zelinskaya, Tatiana I. Chueva, Ivan N. Chuev | ||
| 260 | _bInternational Review of Management and Marketing | ||
| 260 | _cDecember 2015 | ||
| 300 | _a7:2 | ||
| 650 | _xMarketing. | ||
| 856 | _uhttp://www.econjournals.com/index.php/irmm/issue/view/70 | ||
| 999 |
_c310086 _d310086 |
||